[Event "Plzen, JF C"]
[Site "?"]
[Date "1998.??.??"]
[Round "9"]
[White "Pfriender, H."]
[Black "Sladek, J."]
[Result "1/2-1/2"]
[WhiteElo "2010"]
[BlackElo "1870"]
[PlyCount "72"]
[EventDate "1998.??.??"]
[Source "ChessBase"]
[SourceDate "1996.11.15"]

1. e4 e5 2. d4 exd4 3. c3 d5 4. exd5 Qxd5 5. cxd4 c6 6. Nc3 Qd8 7. Bc4 Bd6 8.
Nf3 Qe7+ 9. Be3 b5 10. Bd3 Nf6 11. O-O b4 12. Na4 O-O 13. Qc2 h6 14. Rfe1 Qb7
15. Nc5 Bxc5 16. dxc5 Be6 17. Nd4 Bd5 18. Nf5 b3 19. Qc3 Nbd7 20. Bxh6 gxh6 21.
Ne7+ Kg7 22. Bf5 Qc7 23. Re3 Rg8 24. Rg3+ Kf8 25. Nxg8 Nxg8 26. Bxd7 Qxd7 27.
Qg7+ Ke7 28. Re1+ Be6 29. Rf3 Rf8 30. axb3 Ke8 31. Rfe3 Ne7 32. Qe5 Rg8 33. Qh5
Qd5 34. Qxd5 Nxd5 35. Re4 Nc7 36. Rd1 Nb5 1/2-1/2

[Event "Plzen, JF C"]
[Site "?"]
[Date "1998.??.??"]
[Round "9"]
[White "Nold, M."]
[Black "Janke, G."]
[Result "1-0"]
[WhiteElo "2020"]
[BlackElo "2005"]
[PlyCount "69"]
[EventDate "1998.??.??"]
[Source "ChessBase"]
[SourceDate "1996.11.15"]

1. e4 e6 2. d4 b6 3. a3 Bb7 4. Nd2 d5 5. e5 c5 6. c3 cxd4 7. cxd4 Qd7 8. f4 Ba6
9. Bxa6 Nxa6 10. Ne2 f6 11. Nc3 Nc7 12. Qe2 Be7 13. Nf3 f5 14. b4 Nh6 15. Bd2
Nf7 16. Kf2 h6 17. h4 g6 18. b5 h5 19. Rhb1 Nd8 20. a4 Nb7 21. Na2 O-O 22. Rc1
Rfc8 23. Rc6 Nd8 24. Rc2 a6 25. Rac1 Ba3 26. Rb1 axb5 27. axb5 Ne8 28. Rxc8
Qxc8 29. Bb4 Bxb4 30. Nxb4 Ra4 31. Rb2 Qc3 32. Qc2 Qxc2+ 33. Rxc2 Rxb4 34. Rc8
Rxb5 35. Rxd8 {zapis dale necitelny-bily vyhral v 52.tahu} 1-0

[Event "Plzen, JF C"]
[Site "?"]
[Date "1998.??.??"]
[Round "9"]
[White "Smid, J."]
[Black "Vojir, V sn"]
[Result "1-0"]
[WhiteElo "1910"]
[BlackElo "1815"]
[PlyCount "55"]
[EventDate "1998.??.??"]
[Source "ChessBase"]
[SourceDate "1996.11.15"]

1. e4 c6 2. d4 d5 3. e5 Bf5 4. g4 Bg6 5. h4 h6 6. h5 Bh7 7. e6 fxe6 8. Bd3 Bxd3
9. Qxd3 Kd7 10. Nf3 Qe8 11. Ne5+ Kc8 12. Ng6 Rh7 13. Nxf8 Qxf8 14. Qxh7 Nf6 15.
Qg6 Nbd7 16. Be3 Qg8 17. g5 Nf8 18. Qd3 hxg5 19. Bxg5 Ne4 20. Be3 Qf7 21. Nd2
Nd6 22. O-O-O Kc7 23. Rdg1 Re8 24. c4 Nd7 25. Qg6 Rg8 26. Qxf7 Nxf7 27. h6 Nf6
28. Rxg7 1-0

[Event "Plzen, JF C"]
[Site "?"]
[Date "1998.??.??"]
[Round "9"]
[White "Tenk, P."]
[Black "Straka, Z."]
[Result "0-1"]
[WhiteElo "1835"]
[BlackElo "1915"]
[PlyCount "52"]
[EventDate "1998.??.??"]
[Source "ChessBase"]
[SourceDate "1996.11.15"]

1. Nf3 Nf6 2. d4 g6 3. g3 Bg7 4. Bg2 d5 5. O-O O-O 6. Nbd2 Ne4 7. c3 c5 8. e3
Nc6 9. Nxe4 dxe4 10. Ng5 cxd4 11. cxd4 e5 12. d5 Nb4 13. Nxe4 Nxd5 14. Qb3 Nb6
15. Rd1 Qe7 16. Bd2 Be6 17. Qb4 Qxb4 18. Bxb4 Rfd8 19. b3 Nd5 20. Ba3 b6 21.
Rac1 Rac8 22. Nd6 Rxc1 23. Rxc1 Bf8 24. Nb5 Bxa3 25. Nxa3 Nb4 26. Nb5 Nxa2 0-1